| 000 | 01647nam1a2200349 4500 | ||
|---|---|---|---|
| 001 | RU\NLR\BIBL_A\022764645 | ||
| 005 | 20260503065215.0 | ||
| 035 | _a(NLR Aleph) 022764645 | ||
| 090 |
_a13700895 _c13700895 |
||
| 100 | _a20260503 rusy50 | ||
| 101 | 0 | _arus | |
| 102 | _aRU | ||
| 105 | _a z | ||
| 181 | 0 |
_ai3 _baxxe |
|
| 181 | 0 |
_ab2 _bxb2e |
|
| 182 | 0 | _an | |
| 200 | 1 |
_aКрай родной - любимый край _eежегодный волгоградский областной детско-юношеский литературно-художественный конкурс имени казака-писателя Сергея Засядкина _eлучшие произведения _eсборник |
|
| 203 |
_aТекст _aИзображение _bвизуальные _cнепосредственные |
||
| 210 |
_aВолгоград _cПерископ-Волга _d2024- |
||
| 215 | _d22 | ||
| 333 | _a6+ | ||
| 606 | 1 |
_aТворческие работы школьников _yВолгоградская область _92155220 _3RU\NLR\AUTH\661602247 |
|
| 686 | 0 | _aШ9(2)8 | |
| 686 | 1 | _aЧ421.385.35 | |
| 711 | 1 | 2 |
_a"Край родной - любимый край", волгоградский областной детско-юношеский литературно-художественный конкурс им. казака-писателя Сергея Засядкина _f2023 _92703463 _3RU\NLR\AUTH\880640938 |
| 852 |
_aNLR _j2026-5/2499 |
||
| 942 | _cBOOK | ||
| 980 | _aNB | ||